01113nam a2200325 a 450000100060000000300080000600500170001400800410003102000210007202000210009303500190011404000320013304100080016506000230017308200250019610000280022124500870024925000120033626000440034830000340039250400680042665000490049465000480054365000300059165000370062165000410065865000330069965000280073265000270076059985BD-RjUL20211209080807.0161228s1994 enka b 001 0 eng c a0415092604 (hbk) a0415092612 (pbk) a(BD-RjUL)60109 aDNLM/DLCcDLCdBD-RjULbeng aeng00aWM 11.1 W283r 199400a362.26223bWAR 19941 aWarner, Richard,d1943-10aRecovery from schizophrenia :bpsychiatry and political economy /cRichard Warner. a2nd ed. aLondon ;aNew York :bRoutledge,c1994. axii, 366 p. :bill. ;c24 cm. aIncludes bibliographical references (p. [290]-345) and indexes. 0aSchizophreniaxTreatmentxPolitical aspects. 0aSchizophreniaxTreatmentxEconomic aspects. 0aSchizophreniaxTreatment. 2aDeinstitutionalizationxhistory. 2aPsychotropic Drugsxtherapeutic use. 2aSchizophreniaxdrug therapy. 2aSchizophreniaxhistory. 2aSocioeconomic Factors.